000 02157nam a2200457 c 4500
999 _c89186
_d89186
003 BLK
005 20220216160713.0
008 180408b bul|||||r ||||||| ||bul||
010 _aKNG00093881000
020 _a978-954-400-194-0
040 _aBLK
041 _aBUL
_cBUL
072 7 _2bullib
_aК
_xКраезнание
080 _aБългария през периода на общата криза на капитализма (1918-1944)
_b94(497.2)"1918/1945"
_x(093.2)
_z94(497.2)"1918/1945"(093.2)
080 _aБългария през Първата световна война (1914-1918)
_b94(497.2)"1914/1918"
_x(093.2)
_z94(497.2)"1914/1918"(093.2)
080 _aПолитическо преследване. Терористични действия. Тероризъм - Атентати, политически убийства. Вж и 343.1 ; 343.3/.7
_b323.28
_x(498=867)(093.2)
_z323.28(498=867)(093.2)
139 _aДобруджа и Ньойският договор 1917 - 1919
_bД 68
245 1 0 _aДобруджа и Ньойският договор 1917 - 1919
_bДокум. сборник
_cсъстав. Тодор Билчев Билчев.
257 _aBGR
260 _bФабер
_c2009
300 _a168 с.
_c20 см
380 _a9
500 _aИзд. на ТДА - Русе и Регион. ист. музей - Русе
650 4 _aДобруджански въпрос - история
_9247809
650 4 _aНьойски договор, 1919 г.
_9164370
650 4 _aПолитически репресии - Румъния - история
_9273593
651 4 _aРумъния
_9179459
651 4 _aДобруджа
_9178821
653 _aистория
653 _aНьойски договор
653 _aполитически репресии
653 _aДобруджа
653 _aРумъния
659 _aК
700 1 _aБилчев, Тодор Билчев
_eсъстав.
_9365819
852 _aЦб 246816
852 _aК 94(497.2)"1878..."/Д 58
856 4 _qpdf
856 4 _qpdf
942 _cKNG
_n0
_01
_s1
944 _aCR
_c27.01.2010
_lф /
_kВаля_Йорданова
944 _aED
_c27.09.2013
_lф /
999 _d89186